| 000 | 00874nam a2200277Ia 4500 | ||
|---|---|---|---|
| 003 | GCL | ||
| 008 | 140319s9999 xx 000 0 ara d | ||
| 040 |
_aGCL / _cGCL |
||
| 082 | 0 | 4 |
_a950.2 _bا م |
| 100 | 1 | _aرشيدة رحيم الصبروتى | |
| 245 | 1 | 0 |
_aمن هم التتار? / _cرشيدة رحيم الصبروتى |
| 700 | 1 | _aابرار كريم الله | |
| 260 |
_a[S.N] : _bالهيئة المصرية العامة للكتاب ، _c1994 |
||
| 300 | _a143 ص | ||
| 490 |
_aسلسلة الالف كتاب الثانى _v0 |
||
| 650 | 0 | 4 | _aتاريخ |
| 650 | 0 | 4 | _aالعصور الوسطى |
| 650 | 0 | 4 | _aالمغول والتتار |
| 650 | 0 | 4 | _aالحضارة الاسلامية |
| 650 | 0 | 4 | _aالتتار |
| 650 | 0 | 4 | _aجنكيزخان |
| 650 | 0 | 4 | _aالترك |
| 650 | 0 | 4 | _aكازاخستان |
| 650 | 0 | 4 | _aقازان |
| 942 |
_2ddc _cBK |
||
| 999 |
_c35450 _d35450 |
||